Everyone's miracle? : revisiting poverty and inequality in East Asia (Record no. 42766)

MARC details
000 -LEADER
fixed length control field 00806nam a2200217 a 4500
001 - CONTROL NUMBER
control field 1653631
008 - FIXED-LENGTH DATA ELEMENTS--GENERAL INFORMATION
fixed length control field 150324s1997 ||||||||||||||||| || u
010 ## - LIBRARY OF CONGRESS CONTROL NUMBER
LC control number 97026454
020 ## - INTERNATIONAL STANDARD BOOK NUMBER
International Standard Book Number 0821339796
050 ## - LIBRARY OF CONGRESS CALL NUMBER
Classification number IBRD(06)DD/1997/2
100 ## - MAIN ENTRY--PERSONAL NAME
Personal name Ahuja, Vinod
245 10 - TITLE STATEMENT
Title Everyone's miracle? : revisiting poverty and inequality in East Asia
Statement of responsibility, etc. Vinod Ahuja (and others)
260 ## - PUBLICATION, DISTRIBUTION, ETC.
Place of publication, distribution, etc. Washington, D.C.
Name of publisher, distributor, etc. World Bank
Date of publication, distribution, etc. 1997
300 ## - PHYSICAL DESCRIPTION
Extent vi, 107 p. : ill.
490 ## - SERIES STATEMENT
Series statement Directions in development
500 ## - GENERAL NOTE
General note Includes bibliographical references
650 ## - SUBJECT ADDED ENTRY--TOPICAL TERM
Topical term or geographic name entry element EQUALITY--EAST ASIA
650 ## - SUBJECT ADDED ENTRY--TOPICAL TERM
Topical term or geographic name entry element POVERTY--ASIA, EAST
650 ## - SUBJECT ADDED ENTRY--TOPICAL TERM
Topical term or geographic name entry element INCOME DISTRIBUTION--ASIA, EAST
995 ## - RECOMMENDATION 995 [LOCAL, UNIMARC FRANCE]
-- CBU-MAIN LIBRARY (Kitwe)
-- 1
-- AVAILABLE
-- Mar 24, 2015
-- International Publications
Holdings
Withdrawn status Lost status Source of classification or shelving scheme Damaged status Not for loan Home library Current library Shelving location Date acquired Total Checkouts Full call number Barcode Date last seen Price effective from Koha item type
          CBU-MAIN LIBRARY, KITWE. CBU-MAIN LIBRARY, KITWE.   11/30/2022   IBRD(06)DD/1997/2 021152 11/30/2022 11/30/2022 MONOGRAPH